| 000 | 01074nam a22002177a 4500 | ||
|---|---|---|---|
| 999 |
_c62608 _d62608 |
||
| 003 | Ge_BSU | ||
| 005 | 20241217114644.0 | ||
| 008 | 241217s1986 ge ||||| |||| 00| 0 geo d | ||
| 041 | _ageo | ||
| 080 | _a617.7(075.32) თ-77 | ||
| 100 |
_aთოფურია, გ. _99272 |
||
| 245 |
_aთვალის დაავადებები : _b[სახელმძღვ. საშ. სამედ. სასწავლებლების მოსწავლეთათვის] / _cგ. თოფურია, ე. ჭყონია, ლ. ჩიქოვანი. |
||
| 250 | _aმე-2 შევს. და გადამუშ. გამოც. | ||
| 264 |
_aთბ. : _bგანათლება, _c1986. |
||
| 300 |
_a238 გვ. : _bილ., 4ფ. ; _c22 სმ. |
||
| 653 | _aთვალის დაავადებები | ||
| 653 | _aმედიცინა | ||
| 700 |
_aჭყონია, ე. _eავტორი _923988 |
||
| 700 |
_aჩიქოვანი, ლ., _eავტორი _922612 |
||
| 942 |
_2udc _cᲬᲘᲒᲜᲘ |
||